000 00506cam a22002171 4500
001 sa 67005589
003 DLC
005 20260227112358.0
008 890724s1967 ii 000 1 beno
010 _asa 67005589
035 _a(OCoLC)20059831
040 _aDLC
_cWaU
_dDLC
042 _apremarc
050 0 0 _aPK1718.B39
_bS9
100 1 _aBasu, Samareśa,
_d1924-1988.
245 1 0 _aSvīkārokti.
260 _c[1967]
300 _a136 p.
_c23 cm.
500 _aIn Bengali.
500 _aA novel.
999 _c75293
_d75293